Kam s přebytkem energie?

Ukladanie prebytočnej energie získanej pomocou obnoviteľných zdrojov. Projekty pre nové možnosti ukladania energie.

Uložené v:
Podrobná bibliografia
Hlavný autor: Sedláček, Karel
Médium: Kapitola
Jazyk:Czech
Predmet:
Tagy: Pridať tag
Žiadne tagy, Buďte prvý, kto otaguje tento záznam!

MARC

LEADER 00000naa a2200000 4500
001 0281034
005 20240417075150.9
041 0 |a cze 
044 |a CZ 
245 1 0 |a Kam s přebytkem energie?  |c Karel Sedláček 
520 |a Ukladanie prebytočnej energie získanej pomocou obnoviteľných zdrojov. Projekty pre nové možnosti ukladania energie. 
610 2 0 |a ekológia 
610 2 0 |a hospodárnosť 
610 2 0 |a energia 
100 1 |a Sedláček, Karel